000 00453nam a2200157 4500
001 120035
003 ES-MaACL
005 20230906191443.0
007 t|
008 070214s1970 xxu r ||||1| spa d
100 1 _aPiñera, Humberto.
_992267
245 1 3 _aEl pensamiento español de los siglos XVI y XVII /
_cHumberto Piñera.
260 _aNew York :
_bLas Américas,
_c1970.
300 _a263 p. ;
_c22 cm.
852 _aES-MaACL
_jC-39358
_bR.78488
999 _c120035
_d120035